LEADER 01044nam a2200277 i 4500 001 000000159158 003 CaOOAMICUS 005 20070219000000.0 008 070219s1989 it u000 u ita u 013 $a136521 020 $a88-452-1461-3 040 $aSeMil$bita 100 1 $aRoth, Joseph,$d<1894-1939>.$0(OLS)http://semarc/name/1229 245 10$aZipper e suo padre /$cJoseph Roth. 260 $aMilano :$bBompiani,$c1989. 300 $a172 p. ;$c19 cm. 490 0 $aTascabili Bompiani ;$v499 490 0 $aTascabili Bompiani. Narrativa 830 0$aTascabili Bompiani ;$v499.$0(OLS)http://semarc/title/7395 830 0$aTascabili Bompiani. Narrativa.$0(OLS)http://semarc/title/18321 850 $aSeMil 852 $aSeMil$W1$xVenegono$y1$m1U I 90$j110716$B110716$CSeMilBibl$Z2$F120866 $81 961 $aOmaggio: Altro 996 $6020$a88-452-1461-3$9(OLS)http://semarc/number/74673 996 $6245$aZipper e suo padre$9(OLS)http://semarc/title/140947 996 $6260$aMilano :$bBompiani$9(OLS)http://semarc/publisher/29706